[Event "European Blitz 2017"]
[Site "Katowice POL"]
[Date "2017.12.15"]
[Round "12.98"]
[White "Narva, Mai"]
[Black "Adamczewski, Maciej"]
[Result "1-0"]
[WhiteTitle "WIM"]
[WhiteElo "2211"]
[BlackElo "1999"]
[WhiteFideId "4500512"]
[BlackFideId "1148702"]
[EventDate "2017.12.15"]
[EventType "blitz"]

1. e4 e6 2. d4 d5 3. e5 c5 4. c3 Nc6 5. Nf3 Bd7 6. Be2 f6 7. exf6 Nxf6 8. O-O
cxd4 9. cxd4 Bd6 10. Nc3 O-O 11. Bg5 Qe8 12. h3 Qg6 13. Qd2 Ne4 14. Nxe4 dxe4
15. Nh4 Qf7 16. f3 e3 17. Bxe3 Qh5 18. Bf2 Bf4 19. Qd3 Nb4 20. Qb3 Nd5 21. g3
Bd6 22. Rae1 g5 23. f4 Qh6 24. fxg5 Qxg5 25. Bg4 Rae8 26. Nf3 Qg6 27. Ne5 Bxe5
28. Rxe5 Re7 29. Rfe1 Qf6 30. Qc2 Nb4 31. Qd2 Ref7 32. R1e2 Nc6 33. Qg5+ Kh8 34.
Qxf6+ Rxf6 35. R5e4 Nd8 36. R4e3 Bb5 37. Rc2 Bc6 38. Re1 Bd5 39. h4 Nc6 40. Bh3
Bxa2 41. Bg2 Bd5 42. Rce2 Nb4 43. Rd2 Kg7 44. Re5 Nc6 45. Rg5+ Kf7 46. Bxd5 exd5
47. Rxd5 Ke6 48. Rb5 Kd6 49. Rxb7 a5 50. d5 Ne5 51. Rb6+ Kd7 52. Rxf6 Rxf6 53.
Kg2 Nc4 54. Rc2 Nd6 55. Bd4 Rg6 56. Be5 Nf5 57. Kf3 Ne7 58. Rc5 Rb6 59. Rxa5
Rb3+ 60. Bc3 Kd6 61. Ra7 Nxd5 62. Rxh7 Ne7 63. Ke4 Ke6 64. g4 Nc6 65. Rh6+ Kd7
66. g5 Rb5 67. g6 Ne7 68. g7 Rb8 69. Rh8 Ng8 70. h5 Ke7 71. h6 Kf7 72. h7 Re8+ 1-0

[Event "European Blitz 2017"]
[Site "Katowice POL"]
[Date "2017.12.15"]
[Round "12.100"]
[White "Slomczewski, Michal"]
[Black "Rigopoulos-Tsigkos, Alexandros"]
[Result "0-1"]
[WhiteElo "1952"]
[BlackElo "2117"]
[WhiteFideId "1040650"]
[BlackFideId "4215109"]
[EventDate "2017.12.15"]
[EventType "blitz"]

1. Nf3 c5 2. c4 b6 3. d4 cxd4 4. Nxd4 Bb7 5. Nc3 a6 6. e4 e6 7. Be3 Qc7 8. Rc1
Nf6 9. f3 d6 10. Bd3 Nbd7 11. O-O Be7 12. b3 Rc8 13. Bb1 Ne5 14. h3 h5 15. f4
Ned7 16. f5 e5 17. Nf3 Qb8 18. Nd5 Nxd5 19. exd5 Qc7 20. Ng5 h4 21. Ne4 Nf6 22.
Nxf6+ Bxf6 23. Be4 Qd8 24. Qg4 a5 25. a3 Ba6 26. Rc2 a4 27. bxa4 Rxc4 28. Rxc4
Bxc4 29. Rc1 Qc8 30. Bd3 O-O 31. Qxc4 Qa8 32. Qb5 e4 33. Be2 Be5 34. Rc6 Qd8 35.
Rxb6 Qf6 36. Qb1 Qxf5 37. Rb4 Qg6 38. Qxe4 f5 39. Qxh4 Bg3 40. Qh5 Qf6 41. Qf3
Be5 42. Bf4 Bd4+ 43. Kh2 Bc5 44. Rc4 g5 45. Qg3 g4 46. hxg4 fxg4 47. Bxg4 Kf7
48. Bh3 Rg8 49. Qf3 Ke7 50. Re4+ Kd8 51. Re6 Qd4 52. Bxd6 Qg1# 0-1

[Event "European Blitz 2017"]
[Site "Katowice POL"]
[Date "2017.12.15"]
[Round "13.2"]
[White "Andriasian, Zaven"]
[Black "Jaracz, Pawel"]
[Result "0-1"]
[WhiteTitle "GM"]
[BlackTitle "GM"]
[WhiteElo "2585"]
[BlackElo "2465"]
[WhiteFideId "13302000"]
[BlackFideId "1102222"]
[EventDate "2017.12.15"]
[EventType "blitz"]

1. e4 c5 2. Nf3 e6 3. d3 b6 4. g3 Bb7 5. Bg2 d6 6. O-O Be7 7. Re1 Nf6 8. Nbd2
O-O 9. c3 Nbd7 10. d4 cxd4 11. cxd4 Rc8 12. e5 Nd5 13. Ne4 dxe5 14. dxe5 h6 15.
Bf4 Nc5 16. Nxc5 Bxc5 17. Qe2 Nb4 18. Rad1 Qe7 19. a3 Ba6 20. Qe4 Bb7 21. Qb1
Nd5 22. b4 Nc3 23. Qb3 Bd5 24. Rxd5 Bxf2+ 25. Kxf2 Nxd5 26. Bd2 Rfd8 27. g4 Rd7
28. Kg3 Rcd8 29. h4 Nc7 30. Bf4 Rd3 31. Qc4 Rxa3 32. Kh2 Rdd3 33. Rf1 Rac3 34.
Qa2 Nd5 35. Bg3 Ne3 36. Qe2 Nxg4+ 37. Kg1 Ne3 38. Rf2 Qd7 39. Bf4 Rd1+ 40. Ne1
Rcc1 41. Bxe3 Rxe1+ 42. Kh2 Rxe2 43. Rxe2 Qd3 44. Bf3 Rc2 45. Rxc2 Qxc2+ 46. Kg3
Qc3 47. Bf4 Qxb4 48. h5 a5 0-1

[Event "European Blitz 2017"]
[Site "Katowice POL"]
[Date "2017.12.15"]
[Round "13.3"]
[White "Navara, David"]
[Black "Chigaev, Maksim"]
[Result "1/2-1/2"]
[WhiteTitle "GM"]
[BlackTitle "GM"]
[WhiteElo "2740"]
[BlackElo "2555"]
[WhiteFideId "309095"]
[BlackFideId "4108116"]
[EventDate "2017.12.15"]
[EventType "blitz"]

1. e4 c5 2. Nf3 e6 3. d4 cxd4 4. Nxd4 Nc6 5. Nc3 Qc7 6. Be2 a6 7. O-O Nf6 8. Be3
Be7 9. f4 d6 10. Qe1 O-O 11. Qg3 Nxd4 12. Bxd4 b5 13. a3 Bb7 14. Kh1 Rac8 15.
Rae1 Bc6 16. Bd3 e5 17. fxe5 Nh5 18. Qh3 dxe5 19. Qxh5 exd4 20. Nd5 Bxd5 21.
exd5 g6 22. Qh6 Bd6 23. Re4 Be5 24. Rh4 f5 25. g4 fxg4 26. Rxf8+ Rxf8 27. Bxg6
hxg6 28. Qxg6+ Qg7 29. Rxg4 Qxg6 30. Rxg6+ Kf7 31. Rxa6 Rh8 32. Rc6 Rxh2+ 33.
Kg1 d3 34. cxd3 Rxb2 35. Kf1 Bd4 36. Ra6 Ke7 37. Ke1 Kd7 38. Kd1 Rb3 39. Kc2
Rb2+ 40. Kc1 Rb3 41. Kc2 Rc3+ 42. Kd2 Rc5 43. d6 Rd5 44. a4 b4 45. Kc2 Rxd6 46.
Ra5 Rc6+ 47. Kb3 Bc3 48. Rb5 Kc7 49. a5 Re6 50. d4 Re4 51. d5 Rd4 52. a6 Rd1 53.
Rb7+ Kd6 54. a7 Ra1 55. Kc4 Ra5 56. Rh7 Rc5+ 57. Kb3 Ra5 58. Kc4 Rc5+ 59. Kb3
Rc8 60. Rb7 Ra8 61. Kc4 Be1 62. Kb5 b3 63. Kc4 Bf2 64. Rxb3 Rc8+ 65. Kd3 Bxa7
66. Ra3 Bc5 67. Ra6+ Kxd5 68. Rh6 Bd6 69. Rh7 Ra8 70. Rd7 Ra3+ 71. Kd2 Rh3 72.
Rd8 Kc5 73. Ke2 Be5 74. Rd3 Rh4 75. Kf3 Bd4 76. Rd1 Kd5 77. Rb1 Rh8 78. Rb5+ Bc5
79. Ra5 Rf8+ 80. Kg4 Rf1 81. Kg5 Kd6 82. Kg4 Bd4 83. Rf5 Rg1+ 84. Kf3 Be5 85.
Rh5 Kd5 86. Rh4 Rg3+ 87. Kf2 Ra3 88. Rh7 Ke4 89. Re7 Ra2+ 90. Ke1 Kf4 91. Kd1
Bc3 92. Re2 Ra4 93. Kc2 Bd4 94. Kd3 Be3 95. Rh2 Rd4+ 96. Kc3 Rd8 97. Rh7 Bd4+
98. Kc4 Be5 99. Rh4+ Ke3 100. Rh3+ Ke4 101. Rh4+ Bf4 102. Rg4 Rc8+ 103. Kb4 Rc7
104. Rh4 Ke3 105. Kb5 Be5 106. Rc4 Rd7 107. Kc6 Rd8 108. Rh4 Bd4 109. Rg4 Kd3
110. Kc7 Rh8 111. Kd6 Kc4 112. Ke6 Rh6+ 113. Kf5 Kd5 114. Rg6 Rh1 115. Ra6 Rf1+
116. Kg4 Be5 117. Ra5+ Ke4 118. Ra4+ Bd4 119. Rb4 Rg1+ 120. Kh4 Rg8 121. Ra4 Ke5
122. Kh3 Be3 123. Rg4 Rf8 124. Ra4 Bd4 125. Kg4 Ke4 126. Rb4 Rg8+ 127. Kh4 Rg1
128. Ra4 Ke3 129. Kh5 Bf6 130. Rg4 Rh1+ 131. Kg6 Be5 132. Kf5 Rh5+ 133. Rg5 1/2-1/2

[Event "European Blitz 2017"]
[Site "Katowice POL"]
[Date "2017.12.15"]
[Round "13.5"]
[White "Kovalenko, Igor"]
[Black "Kovalev, Denis"]
[Result "1-0"]
[WhiteTitle "GM"]
[BlackTitle "IM"]
[WhiteElo "2639"]
[BlackElo "2504"]
[WhiteFideId "14117908"]
[BlackFideId "14104059"]
[EventDate "2017.12.15"]
[EventType "blitz"]

1. d4 d5 2. Nf3 Nf6 3. e3 c5 4. dxc5 Nc6 5. a3 a5 6. b3 e6 7. Bb2 Bxc5 8. Nbd2
O-O 9. Bb5 Qe7 10. O-O Bd7 11. c4 Rfd8 12. Qe2 dxc4 13. Nxc4 Nb8 14. Nce5 Bxb5
15. Qxb5 Nbd7 16. Nxd7 Rxd7 17. Bxf6 gxf6 18. a4 Rad8 19. Qxa5 Rd5 20. Qc3 f5
21. Qc4 b6 22. Rab1 Qf6 23. b4 Bf8 24. Qc7 e5 25. a5 R8d7 26. Qxb6 Qxb6 27. axb6
Rb7 28. Rfd1 Rxd1+ 29. Rxd1 f6 30. Nh4 f4 31. exf4 exf4 32. b5 Rxb6 33. Rb1 Kf7
34. Kf1 Ke6 35. Ke2 Kd5 36. Kf3 Bd6 37. Nf5 Be5 38. h4 Kc5 39. Ke4 Re6 40. Kf3
Kb6 41. h5 Re8 42. h6 Rg8 43. Rb3 Rg5 44. Ne7 Bc7 45. Nc8+ Kb7 46. b6 Kxc8 47.
Rc3 1-0

[Event "European Blitz 2017"]
[Site "Katowice POL"]
[Date "2017.12.15"]
[Round "13.6"]
[White "Dziuba, Marcin"]
[Black "Bartel, Mateusz"]
[Result "1/2-1/2"]
[WhiteTitle "GM"]
[BlackTitle "GM"]
[WhiteElo "2584"]
[BlackElo "2609"]
[WhiteFideId "1112953"]
[BlackFideId "1112635"]
[EventDate "2017.12.15"]
[EventType "blitz"]

1. Nf3 d5 2. d4 Nf6 3. c4 c6 4. e3 Bf5 5. Nc3 e6 6. Nh4 Be4 7. f3 Bg6 8. Qb3 Qc7
9. Bd2 Be7 10. O-O-O dxc4 11. Bxc4 b5 12. Be2 a6 13. Nxg6 hxg6 14. h4 c5 15.
dxc5 Nbd7 16. Qc2 Qxc5 17. Kb1 Nb6 18. b3 b4 19. Na4 Qxc2+ 20. Kxc2 Nxa4 21.
bxa4 O-O 22. e4 Nd7 23. Be3 Rfc8+ 24. Kb1 Nc5 25. Bxc5 Rxc5 26. Rc1 a5 27. Rxc5
Bxc5 28. h5 Rd8 29. hxg6 fxg6 30. Rc1 Be3 31. Rd1 Bd4 32. Bc4 Kf7 33. Bb3 g5 34.
g3 Kf6 35. f4 gxf4 36. gxf4 e5 37. f5 g5 38. fxg6 Kxg6 39. Rf1 Kg5 40. Bd5 Rc8
41. Rc1 Bc3 42. Rf1 Rh8 43. Kc2 Rh3 44. Kb3 Bd4+ 45. Kc4 Rc3+ 46. Kb5 Rc5+ 47.
Ka6 Bc3 48. Rf5+ Kg4 49. Rf7 Kg3 50. Bb3 Bd4 51. Bd5 Bc3 52. Rf8 Bd4 53. Rf7 Bc3
54. Kb6 Bd4 55. Ka6 Bc3 56. Bb3 Bd4 57. Bd5 1/2-1/2

[Event "European Blitz 2017"]
[Site "Katowice POL"]
[Date "2017.12.15"]
[Round "13.7"]
[White "Tari, Aryan"]
[Black "Wojtaszek, Radoslaw"]
[Result "0-1"]
[WhiteTitle "GM"]
[BlackTitle "GM"]
[WhiteElo "2593"]
[BlackElo "2736"]
[WhiteFideId "1510045"]
[BlackFideId "1118358"]
[EventDate "2017.12.15"]
[EventType "blitz"]

1. e4 c6 2. d4 d5 3. exd5 cxd5 4. Bd3 Nc6 5. c3 Nf6 6. Bf4 Bg4 7. Qb3 Qc8 8. Nd2
e6 9. Ngf3 Be7 10. O-O O-O 11. h3 Bh5 12. a4 Nd7 13. a5 a6 14. Qc2 Bg6 15. Bxg6
hxg6 16. Qd3 b6 17. axb6 Nxb6 18. b3 a5 19. Ra2 a4 20. Rfa1 axb3 21. Rxa8 Nxa8
22. Nxb3 Nb6 23. Nfd2 g5 24. Bg3 Bd8 25. Nc5 Ne7 26. Qa6 Nf5 27. Qxc8 Nxc8 28.
Bh2 Be7 29. Nd3 Ncd6 30. g4 Nh4 31. Ra7 Nc8 32. Rb7 Bd6 33. Bg3 Ng6 34. Nf3 Bxg3
35. fxg3 Nd6 36. Rc7 Ne4 37. Nf2 Nxg3 38. Nxg5 Ne2+ 39. Kg2 Nef4+ 40. Kg3 f6 41.
Nf3 Ra8 42. h4 Ne2+ 43. Kg2 Ngf4+ 44. Kh2 Ra2 45. g5 Nh5 46. gxf6 gxf6 47. Kh3
Nef4+ 48. Kg4 Rxf2 49. Rc8+ Kf7 50. Rc7+ Kg6 0-1

[Event "European Blitz 2017"]
[Site "Katowice POL"]
[Date "2017.12.15"]
[Round "13.8"]
[White "Saric, Ivan"]
[Black "Piorun, Kacper"]
[Result "0-1"]
[WhiteTitle "GM"]
[BlackTitle "GM"]
[WhiteElo "2669"]
[BlackElo "2651"]
[WhiteFideId "14508150"]
[BlackFideId "1130420"]
[EventDate "2017.12.15"]
[EventType "blitz"]

1. e4 g6 2. d4 Bg7 3. Nc3 c5 4. dxc5 Bxc3+ 5. bxc3 Qa5 6. Bd3 Nf6 7. Ne2 Qxc5 8.
O-O b6 9. Rb1 Ba6 10. Be3 Qc7 11. f4 d6 12. e5 dxe5 13. fxe5 Qxe5 14. Bd4 Qc7
15. Ng3 Bxd3 16. cxd3 O-O 17. Qd2 Nbd7 18. Rbe1 e5 19. Be3 Ng4 20. Bh6 Nxh6 21.
Qxh6 f5 22. d4 Rae8 23. Rf3 e4 24. Rf4 Nf6 25. Nxf5 gxf5 26. Rxf5 Qe7 27. Ref1
e3 28. Qg5+ Kh8 29. Re5 e2 30. Re1 Qg7 31. Qxg7+ Kxg7 32. R1xe2 Rxe5 33. dxe5
Nd5 34. c4 Nf4 35. Rd2 Rf7 36. g3 Ng6 37. e6 Re7 38. Rd7 Kf6 39. h4 Kxe6 40. Rd3
Ne5 41. Rc3 Rd7 42. c5 Rc7 43. Kf2 Rxc5 0-1

[Event "European Blitz 2017"]
[Site "Katowice POL"]
[Date "2017.12.15"]
[Round "13.9"]
[White "Zelcic, Robert"]
[Black "Ragger, Markus"]
[Result "1/2-1/2"]
[WhiteTitle "GM"]
[BlackTitle "GM"]
[WhiteElo "2501"]
[BlackElo "2657"]
[WhiteFideId "14500310"]
[BlackFideId "1610856"]
[EventDate "2017.12.15"]
[EventType "blitz"]

1. e4 e5 2. Nf3 Nc6 3. Nc3 Nf6 4. d4 Bb4 5. Nxe5 O-O 6. Qd3 Re8 7. Nxc6 bxc6 8.
Be2 Nxe4 9. O-O Bxc3 10. bxc3 d5 11. Bf3 Bf5 12. Bxe4 Bxe4 13. Qd1 Qd6 14. f3
Bf5 15. Bg5 Qg6 16. Qd2 Bxc2 17. Bf4 Re7 18. Rfe1 Rae8 19. Rxe7 Rxe7 20. Re1
Rxe1+ 1/2-1/2

[Event "European Blitz 2017"]
[Site "Katowice POL"]
[Date "2017.12.15"]
[Round "13.10"]
[White "Brunello, Sabino"]
[Black "Kislinsky, Alexey"]
[Result "0-1"]
[WhiteTitle "GM"]
[BlackTitle "GM"]
[WhiteElo "2553"]
[BlackElo "2513"]
[WhiteFideId "813613"]
[BlackFideId "14108801"]
[EventDate "2017.12.15"]
[EventType "blitz"]

1. b3 e5 2. Bb2 Nc6 3. e3 g6 4. Nf3 Bg7 5. c4 Nge7 6. d4 e4 7. Nfd2 f5 8. Nc3
O-O 9. Be2 d6 10. O-O Bd7 11. f3 exf3 12. Nxf3 Bh6 13. e4 fxe4 14. Nxe4 Nf5 15.
d5 Ne5 16. Nxe5 dxe5 17. Qd3 Qh4 18. Kh1 Rae8 19. g3 Qe7 20. c5 Nd4 21. Rxf8+
Rxf8 22. Bxd4 exd4 23. Qxd4 Bg7 0-1

[Event "European Blitz 2017"]
[Site "Katowice POL"]
[Date "2017.12.15"]
[Round "13.11"]
[White "Fedorov, Alexei"]
[Black "Ponkratov, Pavel"]
[Result "1/2-1/2"]
[WhiteTitle "GM"]
[BlackTitle "GM"]
[WhiteElo "2573"]
[BlackElo "2613"]
[WhiteFideId "13500465"]
[BlackFideId "4157800"]
[EventDate "2017.12.15"]
[EventType "blitz"]

1. e4 c5 2. d3 g6 3. f4 d5 4. Be2 Nc6 5. Nf3 dxe4 6. dxe4 Qxd1+ 7. Bxd1 Bg7 8.
c3 e5 9. Na3 Be6 10. Nb5 Kd7 11. Ng5 a6 12. Na3 b5 13. O-O Nge7 14. Be3 exf4 15.
Bxc5 Be5 16. Bb3 Bxb3 17. axb3 f6 18. Rfd1+ Ke8 19. Nf3 Kf7 20. Nc2 Rhd8 21.
Rxd8 Nxd8 22. Nxe5+ fxe5 23. Nb4 Nb7 24. Bxe7 Kxe7 25. Rxa6 Rxa6 26. Nxa6 g5 27.
Kf2 Kd6 28. b4 Kc6 29. Kf3 h5 30. g4 h4 31. b3 Kb6 32. Nb8 Kc7 33. Na6+ Kb6 34.
Nb8 1/2-1/2

[Event "European Blitz 2017"]
[Site "Katowice POL"]
[Date "2017.12.15"]
[Round "13.12"]
[White "Michalik, Peter"]
[Black "Arnaudov, G. Petar"]
[Result "1-0"]
[WhiteTitle "GM"]
[BlackTitle "GM"]
[WhiteElo "2557"]
[BlackElo "2439"]
[WhiteFideId "14907526"]
[BlackFideId "2907127"]
[EventDate "2017.12.15"]
[EventType "blitz"]

1. d4 Nf6 2. c4 Nc6 3. g3 e5 4. d5 Ne7 5. Nc3 Ng6 6. h4 Bb4 7. h5 Ne7 8. Qb3 a5
9. a3 Bxc3+ 10. Qxc3 d6 11. h6 g6 12. Bg2 O-O 13. Bg5 Nd7 14. e4 f6 15. Be3 Nc5
16. b3 c6 17. dxc6 bxc6 18. Ne2 Ne6 19. b4 axb4 20. axb4 Rxa1+ 21. Qxa1 c5 22.
bxc5 dxc5 23. O-O Nd4 24. Nc3 Be6 25. Nd5 Nec6 26. Qa3 Qa5 27. Ra1 Ra8 28. Qxa5
Rxa5 29. Nxf6+ Kh8 30. Rb1 Nb4 31. Nd5 Ra4 32. Bg5 Kg8 33. Be7 Bxd5 34. exd5 Ra5
35. Bd6 Ne2+ 36. Kh2 Nc3 37. Rb3 1-0

[Event "European Blitz 2017"]
[Site "Katowice POL"]
[Date "2017.12.15"]
[Round "13.13"]
[White "Klekowski, Maciej"]
[Black "Schneider, Ilja"]
[Result "1-0"]
[WhiteTitle "IM"]
[BlackTitle "IM"]
[WhiteElo "2498"]
[BlackElo "2517"]
[WhiteFideId "1132717"]
[BlackFideId "4663306"]
[EventDate "2017.12.15"]
[EventType "blitz"]

1. c4 c6 2. Nc3 d5 3. d4 Nf6 4. Nf3 a6 5. e3 b5 6. b3 Bg4 7. Qc2 e6 8. Bd3 Nbd7
9. O-O Bd6 10. e4 Bxf3 11. e5 bxc4 12. bxc4 dxc4 13. Bxc4 Bxe5 14. dxe5 Nxe5 15.
Bb3 Bd5 16. Ba3 Qa5 17. Nxd5 cxd5 18. Bd6 Nc4 19. Bxc4 dxc4 20. Rab1 Rd8 21. Bb4
Qc7 22. Qa4+ Qd7 23. Qxa6 Nd5 24. Bc5 f6 25. Rb7 Nc7 26. Rxc7 1-0

[Event "European Blitz 2017"]
[Site "Katowice POL"]
[Date "2017.12.15"]
[Round "13.14"]
[White "Castellanos Rodriguez, Renier"]
[Black "Kazakovskiy, Valeriy"]
[Result "1-0"]
[WhiteTitle "IM"]
[BlackTitle "IM"]
[WhiteElo "2501"]
[BlackElo "2422"]
[WhiteFideId "3404650"]
[BlackFideId "13507443"]
[EventDate "2017.12.15"]
[EventType "blitz"]

1. e4 e5 2. Nf3 Nc6 3. Bb5 a6 4. Ba4 Nf6 5. d3 b5 6. Bb3 Be7 7. O-O O-O 8. Re1
Bb7 9. a4 d6 10. Nc3 b4 11. Nd5 Na5 12. Nxe7+ Qxe7 13. Ba2 c5 14. c3 bxc3 15.
bxc3 h6 16. Nh4 d5 17. Nf5 Qd7 18. Qf3 dxe4 19. dxe4 Kh7 20. Nxh6 Nxe4 21. Nf5
Nf6 1-0

[Event "European Blitz 2017"]
[Site "Katowice POL"]
[Date "2017.12.15"]
[Round "13.15"]
[White "McShane, Luke J"]
[Black "Stocek, Jiri"]
[Result "1-0"]
[WhiteTitle "GM"]
[BlackTitle "GM"]
[WhiteElo "2640"]
[BlackElo "2566"]
[WhiteFideId "404853"]
[BlackFideId "304760"]
[EventDate "2017.12.15"]
[EventType "blitz"]

1. e4 e6 2. d4 d5 3. e5 c5 4. c3 Nc6 5. Nf3 Bd7 6. Be2 f6 7. O-O fxe5 8. Nxe5
cxd4 9. Nxc6 bxc6 10. cxd4 Bd6 11. Nd2 Nf6 12. Nf3 O-O 13. Bg5 Qb6 14. Qc2 c5
15. dxc5 Bxc5 16. Bd3 h6 17. Bh4 Rac8 18. Qe2 Nh5 19. Bg3 Nxg3 20. hxg3 Bd6 21.
Ne5 Bxe5 22. Qxe5 Rf6 23. Rae1 Bb5 24. Bxb5 Qxb5 25. Re2 Rc6 26. Rfe1 a5 27. g4
Rg6 28. f3 Qb6+ 29. Kh2 Rg5 30. Qf4 Rg6 31. b3 Rf6 32. Qg3 a4 33. bxa4 Qa7 34.
Rb1 Qxa4 35. Rb8+ Kh7 36. Re8 Ra6 37. Qb8 Qf4+ 38. Qxf4 Rxf4 39. R8xe6 Rxe6 40.
Rxe6 Ra4 41. Re2 Kg6 42. Kg3 Kf6 43. Kf2 Ra3 44. Ke1 d4 45. Kd1 Kg5 46. Kc1 Kf4
47. Kb2 Re3 48. Rd2 Ke5 49. a4 Kd5 50. Rc2 d3 51. Rc8 Re2+ 52. Kb3 Kd4 53. a5
Re1 54. Rd8+ Ke3 55. Kb2 d2 1-0

[Event "European Blitz 2017"]
[Site "Katowice POL"]
[Date "2017.12.15"]
[Round "13.16"]
[White "Tomczak, Jacek"]
[Black "Buhmann, Rainer"]
[Result "1/2-1/2"]
[WhiteTitle "GM"]
[BlackTitle "GM"]
[WhiteElo "2588"]
[BlackElo "2584"]
[WhiteFideId "1124668"]
[BlackFideId "4651340"]
[EventDate "2017.12.15"]
[EventType "blitz"]

1. e4 e5 2. Nf3 Nc6 3. d4 exd4 4. Bc4 Nf6 5. Ng5 d5 6. exd5 Qe7+ 7. Kf1 Ne5 8.
Qxd4 Nxc4 9. Qxc4 Qd7 10. Nc3 Bd6 11. Be3 O-O 12. Rd1 Re8 13. h3 Qf5 14. g4 Qxc2
15. Rd2 Qg6 16. Nf3 Ne4 17. Nxe4 Rxe4 18. Qc2 Re8 19. Qxg6 hxg6 20. Kg2 f5 21.
g5 f4 22. Bd4 Bf5 23. Nh4 Be4+ 24. f3 Bxd5 25. Nxg6 Bxa2 26. Rc1 Re6 27. Nh4
Rae8 28. Nf5 Re2+ 29. Rxe2 Rxe2+ 30. Kf1 Rh2 31. Nxd6 cxd6 32. Rc7 Rxh3 33.
Rxg7+ Kf8 34. Kg2 Rg3+ 35. Kf2 Bd5 36. Rd7 Rxf3+ 37. Ke2 Rg3 38. Rxd6 f3+ 39.
Kf1 Bc6 40. Bxa7 Rg2 41. Bf2 Rxg5 42. Rd4 Kf7 43. Rh4 Rd5 44. Bd4 Kg6 45. Kf2
Rg5 46. Kf1 Rg2 47. Bf2 Kf5 48. Rb4 Bd5 49. Ke1 Ke6 50. Rb6+ Kd7 51. Rb4 Rh2 52.
Rf4 Ke6 53. Rb4 Rh1+ 54. Kd2 Rf1 55. Ke3 Rd1 56. Bg3 Bc6 57. Rh4 Rb1 58. Rb4 Kd5
59. Rd4+ Ke6 60. Rb4 b5 61. Kf4 Rd1 62. Bf2 Rd2 63. Kg3 Rd5 64. Rd4 Rg5+ 65. Kf4
Rf5+ 66. Kg3 Rg5+ 67. Kf4 Rg2 68. Ke3 Rg8 69. Rd2 Bd5 70. Kd4 Rg4+ 71. Ke3 Rb4
72. Kd3 Be4+ 73. Ke3 Kf5 74. Bg3 Rb3+ 75. Kf2 b4 76. Bd6 Ke6 77. Bf8 Bd5 78. Bc5
Ke5 79. Bf8 Ke4 80. Bc5 Be6 81. Rd4+ Kf5 82. Rxb4 1/2-1/2

[Event "European Blitz 2017"]
[Site "Katowice POL"]
[Date "2017.12.15"]
[Round "13.17"]
[White "Georgiev, Kiril"]
[Black "Feuerstack, Aljoscha"]
[Result "1/2-1/2"]
[WhiteTitle "GM"]
[BlackTitle "IM"]
[WhiteElo "2623"]
[BlackElo "2438"]
[WhiteFideId "2900017"]
[BlackFideId "4681932"]
[EventDate "2017.12.15"]
[EventType "swiss"]

1. d4 Nf6 2. Nf3 d5 3. Bf4 c5 4. c3 Nc6 5. e3 Qb6 6. Qb3 c4 7. Qc2 Bf5 8. Qc1
Nh5 9. Bg5 f6 10. Bh4 g5 11. Bg3 e5 12. Be2 O-O-O 13. b3 exd4 14. cxd4 Nxg3 15.
hxg3 Nb4 16. O-O Nc2 17. Nc3 Ba3 18. Qd2 Nxa1 19. Rxa1 Kb8 20. bxc4 Qb2 21. Rd1
Qxd2 22. Nxd2 Bb4 23. Nxd5 Bxd2 24. Rxd2 Rd6 25. Rb2 Rc8 26. Ne7 Be6 27. Nxc8
Kxc8 28. c5 Rd8 29. g4 Bd5 30. Bf3 Kc7 31. Kf1 b6 32. cxb6+ axb6 33. Bxd5 Rxd5
34. Ke2 Ra5 35. Kd3 Ra3+ 36. Ke4 Ra5 37. f3 Kc6 38. d5+ Kc7 39. Kf5 Rxd5+ 1/2-1/2

[Event "European Blitz 2017"]
[Site "Katowice POL"]
[Date "2017.12.15"]
[Round "13.18"]
[White "Meskovs, Nikita"]
[Black "Saric, Ante"]
[Result "0-1"]
[WhiteTitle "GM"]
[BlackTitle "GM"]
[WhiteElo "2538"]
[BlackElo "2540"]
[WhiteFideId "11602740"]
[BlackFideId "14506254"]
[EventDate "2017.12.15"]
[EventType "blitz"]

1. d4 Nf6 2. c4 e6 3. Nf3 d5 4. g3 Bb4+ 5. Bd2 Be7 6. Bg2 c6 7. O-O b6 8. Nc3
Bb7 9. Rc1 Nbd7 10. Bf4 O-O 11. cxd5 Nxd5 12. Nxd5 exd5 13. Qa4 Re8 14. Rfd1 Bf8
15. e3 h6 16. h4 a5 17. h5 Rc8 18. Bh3 Ra8 19. Qc2 c5 20. dxc5 bxc5 21. Qb3 Ra7
22. Qb5 Nf6 23. Rxc5 Ba6 24. Qxa5 Bxc5 25. Qxc5 Rb7 26. Nd4 Rxb2 27. Nc6 Qb6 28.
Qxb6 Rxb6 29. Nd4 Rb2 30. a4 Bc4 31. Ra1 Ne4 32. Bg2 Nxf2 33. a5 Ra8 34. Bd6 Ne4
35. Bxe4 dxe4 36. Bc5 Be2 37. Ra3 Bf3 38. Nc6 Rg2+ 39. Kf1 Rh2 40. a6 Rxh5 41.
Bd4 Rb5 42. a7 Rb1+ 43. Kf2 Rb7 44. Ra5 Kh7 45. Rd5 Bg4 46. Rd8 Bc8 47. Rf8 Kg6
48. g4 f6 49. Kg3 Rc7 50. Nb4 Bb7 51. Rb8 Rd7 52. Na6 Bd5 53. Bb6 Rdxa7 54. Bxa7
Rxa7 55. Nb4 Bf7 56. Nc6 Ra1 57. Ne7+ Kh7 58. Rb4 Bg6 59. Nxg6 Kxg6 60. Rxe4 Ra5
61. Kh4 Ra1 62. Re6 Re1 63. Re7 Rg1 64. Kh3 Ra1 65. e4 Ra5 66. Kg3 Re5 67. Rxe5
fxe5 68. Kh4 Kf7 69. Kh5 Kf6 70. Kh4 g6 71. g5+ Kg7 72. gxh6+ Kxh6 73. Kg4 Kg7
74. Kg5 Kf7 75. Kh6 Kf6 76. Kh7 g5 77. Kh6 g4 78. Kh5 g3 79. Kg4 g2 0-1

[Event "European Blitz 2017"]
[Site "Katowice POL"]
[Date "2017.12.15"]
[Round "13.19"]
[White "Rodshtein, Maxim"]
[Black "Kuzmicz, Krystian"]
[Result "0-1"]
[WhiteTitle "GM"]
[BlackTitle "IM"]
[WhiteElo "2699"]
[BlackElo "2460"]
[WhiteFideId "2806851"]
[BlackFideId "1119125"]
[EventDate "2017.12.15"]
[EventType "blitz"]

1. d4 g6 2. e4 Bg7 3. c4 c6 4. Nc3 d5 5. cxd5 cxd5 6. e5 Nc6 7. f4 Nh6 8. Be2
O-O 9. Nf3 Bg4 10. Be3 e6 11. O-O Bxf3 12. Bxf3 f6 13. exf6 Qxf6 14. g4 Nf7 15.
Ne2 Nd6 16. b3 Nb5 17. g5 Qd8 18. Qd3 Nd6 19. Rad1 Rc8 20. Qd2 Nf5 21. Bf2 Qa5
22. Rfe1 Rfe8 23. Qxa5 Nxa5 24. Rc1 Nc6 25. Rcd1 Nb4 26. Rd2 Rc2 27. Red1 Rec8
28. Ng3 Rxd2 29. Rxd2 Rc1+ 30. Bd1 Nxa2 31. Nxf5 gxf5 32. Kg2 Nc3 33. Bh5 Ne4
34. Ra2 a6 35. h4 Rc3 36. Bd1 Rd3 37. Bf3 Rxb3 38. Bxe4 fxe4 39. Rc2 e3 40. Rc8+
Kf7 41. Rc7+ Kg6 42. h5+ Kxh5 43. Rxg7 Rb2 44. Rxh7+ Kg4 45. Rh4+ Kf5 46. Kf3
exf2 47. Rh1 a5 48. Ra1 a4 49. Kg2 b5 0-1